Statistics for Point Leader for Every NBA Team

Click here to take the quiz!

General Stats

  • This quiz has been taken 16 times
  • The average score is 21 of 30

Answer Stats

TeamPointsPlayer% Correct
Mavericks31,560Dirk Nowitzki
100%
Heat21,556Dwayne Wade
100%
Lakers33,643Kobe Bryant
100%
Bulls29,277Michael Jordan
100%
Cavaliers23,119Lebron James
94%
Warriors19,400Stephen Curry
94%
Spurs26,496Tim Duncan
94%
Rockets26,511Hakeem Olajuwon
88%
Bucks14,211Kareem Abdul-Jabbar
88%
Jazz36,374Karl Malone
88%
Timberwolves19,201Kevin Garnett
88%
Pacers25,279Reggie Miller
88%
Pistons18,822Isiah Thomas
81%
Thunder18,859Russell Westbrook
81%
Knicks23,665Patrick Ewing
75%
Trail Blazers18,040Clyde Drexler
69%
Kings22,009Oscar Robertson
69%
Nuggets21,645Alex English
63%
Nets10,444Brook Lopez
63%
Celtics26,395John Havlicek
63%
Hawks23,292Dominique Wilkins
56%
Magic11,435Dwight Howard
56%
Pelicans11,059Anthony Davis
50%
Hornets12,009Kemba Walker
50%
Suns15,666Walter Davis
50%
Raptors13,296Demar DeRozan
38%
Grizzlies11,733Mike Conley
38%
Clippers12,735Randy Smith
38%
Wizards15,551Elvin Hayes
31%
76ers21,586Hal Greer
25%

Score Distribution

Percentile by Number Answered

Percent of People with Each Score

Your Score History

You have not taken this quiz